000 01647cam a2200409 i 4500
001 18517601
003 OSt
005 20240313093018.0
008 150306s2016 nyua b 001 0 eng
010 _a 2015004564
020 _a9781107495395 (Student's Book Level 2)
020 _a9781107495418 (Student's Book with Writing Skills Interactive Level 2)
020 _a9781107495425 (Teacher's Manual Level 2)
040 _aDLC
_beng
_cDLC
_erda
_dDLC
042 _apcc
050 0 0 _aPE1408
_b.B457 2016
082 0 0 _a808/.042 B457 2016
_223
100 1 _aBauer, Jill,
_eauthor.
245 1 0 _aFinal Draft.
_n2 /
_cJill Bauer, North Seattle College, Mike S. Boyle, Sara Stapleton, North Seattle College ; with Wendy Asplin, University of Washington.
246 3 0 _aFinal Draft two
246 3 0 _aFinal Draft 2
264 1 _aNew York, NY, USA :
_bCambridge University Press,
_c2016.
300 _a272 pages :
_bcolor illustrations ;
_c26 cm
336 _atext
_2rdacontent
337 _aunmediated
_2rdamedia
338 _avolume
_2rdacarrier
490 0 _a[ESL Academic Writing Textbook, Level 2]
504 _aIncludes bibliographical resources (pages 263-265) and index.
650 0 _aEnglish language
_xRhetoric
_vProblems, exercises, etc.
650 0 _aEnglish language
_vTextbooks for foreign speakers.
650 0 _aReport writing
_vProblems, exercises, etc.
700 1 _aBoyle, Mike
_c(Teacher)
_eauthor.
700 1 _aStapleton, Sara,
_eauthor.
906 _a7
_bcbc
_corignew
_d1
_eecip
_f20
_gy-gencatlg
942 _2ddc
_cBK-EN
_n0
999 _c6611
_d6611